<?xml version="1.0" encoding="UTF-8"?>
<record
    xmlns:xsi="http://www.w3.org/2001/XMLSchema-instance"
    xsi:schemaLocation="http://www.loc.gov/MARC21/slim http://www.loc.gov/standards/marcxml/schema/MARC21slim.xsd"
    xmlns="http://www.loc.gov/MARC21/slim">

  <leader>00350nam a22001337a 4500</leader>
  <controlfield tag="005">20170628104732.0</controlfield>
  <controlfield tag="008">170628b        xxu||||| |||| 00| 0 eng d</controlfield>
  <datafield tag="022" ind1=" " ind2=" ">
    <subfield code="a">0976-6359</subfield>
  </datafield>
  <datafield tag="245" ind1=" " ind2=" ">
    <subfield code="a">International Journal of Mechanical Engineering &amp; Technology</subfield>
  </datafield>
  <datafield tag="250" ind1=" " ind2=" ">
    <subfield code="a">Volume -8 , Issue 1</subfield>
  </datafield>
  <datafield tag="260" ind1=" " ind2=" ">
    <subfield code="a">Chennai</subfield>
    <subfield code="b">IAEME</subfield>
    <subfield code="c">207</subfield>
  </datafield>
  <datafield tag="300" ind1=" " ind2=" ">
    <subfield code="a">222</subfield>
  </datafield>
  <datafield tag="942" ind1=" " ind2=" ">
    <subfield code="c">JRL</subfield>
  </datafield>
  <datafield tag="999" ind1=" " ind2=" ">
    <subfield code="c">5484</subfield>
    <subfield code="d">5482</subfield>
  </datafield>
  <datafield tag="952" ind1=" " ind2=" ">
    <subfield code="0">0</subfield>
    <subfield code="1">0</subfield>
    <subfield code="4">0</subfield>
    <subfield code="7">0</subfield>
    <subfield code="a">JRU</subfield>
    <subfield code="b">MAIN</subfield>
    <subfield code="d">2017-06-28</subfield>
    <subfield code="e">Purchase</subfield>
    <subfield code="g">667.00</subfield>
    <subfield code="l">0</subfield>
    <subfield code="p">IJMET0001</subfield>
    <subfield code="r">2017-06-28 00:00:00</subfield>
    <subfield code="w">2017-06-28</subfield>
    <subfield code="y">JRL</subfield>
  </datafield>
  <datafield tag="952" ind1=" " ind2=" ">
    <subfield code="0">0</subfield>
    <subfield code="1">0</subfield>
    <subfield code="4">0</subfield>
    <subfield code="7">0</subfield>
    <subfield code="a">JRU</subfield>
    <subfield code="b">MAIN</subfield>
    <subfield code="d">2017-06-28</subfield>
    <subfield code="e">Purchase</subfield>
    <subfield code="g">667.00</subfield>
    <subfield code="l">0</subfield>
    <subfield code="p">IJMET0002</subfield>
    <subfield code="r">2017-06-28 00:00:00</subfield>
    <subfield code="w">2017-06-28</subfield>
    <subfield code="y">JRL</subfield>
  </datafield>
  <datafield tag="952" ind1=" " ind2=" ">
    <subfield code="0">0</subfield>
    <subfield code="1">0</subfield>
    <subfield code="4">0</subfield>
    <subfield code="7">0</subfield>
    <subfield code="a">JRU</subfield>
    <subfield code="b">MAIN</subfield>
    <subfield code="d">2017-06-28</subfield>
    <subfield code="e">Purchase</subfield>
    <subfield code="g">667.00</subfield>
    <subfield code="l">0</subfield>
    <subfield code="p">IJMET0003</subfield>
    <subfield code="r">2017-06-28 00:00:00</subfield>
    <subfield code="w">2017-06-28</subfield>
    <subfield code="y">JRL</subfield>
  </datafield>
  <datafield tag="952" ind1=" " ind2=" ">
    <subfield code="0">0</subfield>
    <subfield code="1">0</subfield>
    <subfield code="4">0</subfield>
    <subfield code="7">0</subfield>
    <subfield code="a">JRU</subfield>
    <subfield code="b">MAIN</subfield>
    <subfield code="d">2017-08-29</subfield>
    <subfield code="l">1</subfield>
    <subfield code="p">IJMET0004</subfield>
    <subfield code="r">2017-12-04 00:00:00</subfield>
    <subfield code="s">2017-10-07</subfield>
    <subfield code="w">2017-08-29</subfield>
    <subfield code="y">JRL</subfield>
  </datafield>
  <datafield tag="952" ind1=" " ind2=" ">
    <subfield code="0">0</subfield>
    <subfield code="1">0</subfield>
    <subfield code="4">0</subfield>
    <subfield code="7">0</subfield>
    <subfield code="a">JRU</subfield>
    <subfield code="b">MAIN</subfield>
    <subfield code="d">2017-10-07</subfield>
    <subfield code="e">Purchase</subfield>
    <subfield code="l">0</subfield>
    <subfield code="p">IJMET0005</subfield>
    <subfield code="r">2017-10-07 00:00:00</subfield>
    <subfield code="w">2017-10-07</subfield>
    <subfield code="y">JRL</subfield>
  </datafield>
  <datafield tag="952" ind1=" " ind2=" ">
    <subfield code="0">0</subfield>
    <subfield code="1">0</subfield>
    <subfield code="4">0</subfield>
    <subfield code="7">0</subfield>
    <subfield code="a">JRU</subfield>
    <subfield code="b">MAIN</subfield>
    <subfield code="d">2017-10-07</subfield>
    <subfield code="e">Purchase</subfield>
    <subfield code="l">0</subfield>
    <subfield code="p">IJMET0006</subfield>
    <subfield code="r">2017-10-07 00:00:00</subfield>
    <subfield code="w">2017-10-07</subfield>
    <subfield code="y">JRL</subfield>
  </datafield>
  <datafield tag="952" ind1=" " ind2=" ">
    <subfield code="0">0</subfield>
    <subfield code="1">0</subfield>
    <subfield code="4">0</subfield>
    <subfield code="7">0</subfield>
    <subfield code="a">JRU</subfield>
    <subfield code="b">MAIN</subfield>
    <subfield code="d">2017-10-07</subfield>
    <subfield code="e">Purchase</subfield>
    <subfield code="l">0</subfield>
    <subfield code="p">IJMET0007</subfield>
    <subfield code="r">2017-10-07 00:00:00</subfield>
    <subfield code="w">2017-10-07</subfield>
    <subfield code="y">JRL</subfield>
  </datafield>
  <datafield tag="952" ind1=" " ind2=" ">
    <subfield code="0">0</subfield>
    <subfield code="1">0</subfield>
    <subfield code="4">0</subfield>
    <subfield code="7">0</subfield>
    <subfield code="a">JRU</subfield>
    <subfield code="b">MAIN</subfield>
    <subfield code="d">2017-11-11</subfield>
    <subfield code="e">Purchase</subfield>
    <subfield code="l">0</subfield>
    <subfield code="p">IJMET0008</subfield>
    <subfield code="r">2017-11-11 00:00:00</subfield>
    <subfield code="w">2017-11-11</subfield>
    <subfield code="y">JRL</subfield>
  </datafield>
  <datafield tag="952" ind1=" " ind2=" ">
    <subfield code="0">0</subfield>
    <subfield code="1">0</subfield>
    <subfield code="4">0</subfield>
    <subfield code="7">0</subfield>
    <subfield code="a">JRU</subfield>
    <subfield code="b">MAIN</subfield>
    <subfield code="d">2017-11-27</subfield>
    <subfield code="e">Purchase</subfield>
    <subfield code="l">0</subfield>
    <subfield code="p">IJMET0009</subfield>
    <subfield code="r">2017-11-27 00:00:00</subfield>
    <subfield code="w">2017-11-27</subfield>
    <subfield code="y">JRL</subfield>
  </datafield>
  <datafield tag="952" ind1=" " ind2=" ">
    <subfield code="0">0</subfield>
    <subfield code="1">0</subfield>
    <subfield code="4">0</subfield>
    <subfield code="7">0</subfield>
    <subfield code="a">JRU</subfield>
    <subfield code="b">MAIN</subfield>
    <subfield code="c">JRL</subfield>
    <subfield code="d">2018-09-27</subfield>
    <subfield code="e">Purchase</subfield>
    <subfield code="g">9000.00</subfield>
    <subfield code="l">0</subfield>
    <subfield code="p">IJMET0010</subfield>
    <subfield code="r">2018-09-27 00:00:00</subfield>
    <subfield code="w">2018-09-27</subfield>
    <subfield code="y">JRL</subfield>
  </datafield>
  <datafield tag="952" ind1=" " ind2=" ">
    <subfield code="0">0</subfield>
    <subfield code="1">0</subfield>
    <subfield code="4">0</subfield>
    <subfield code="7">0</subfield>
    <subfield code="a">JRU</subfield>
    <subfield code="b">MAIN</subfield>
    <subfield code="c">JRL</subfield>
    <subfield code="d">2018-09-27</subfield>
    <subfield code="e">Purchase</subfield>
    <subfield code="g">9000.00</subfield>
    <subfield code="l">0</subfield>
    <subfield code="p">IJMET0011</subfield>
    <subfield code="r">2018-09-27 00:00:00</subfield>
    <subfield code="w">2018-09-27</subfield>
    <subfield code="y">JRL</subfield>
  </datafield>
  <datafield tag="952" ind1=" " ind2=" ">
    <subfield code="0">0</subfield>
    <subfield code="1">0</subfield>
    <subfield code="4">0</subfield>
    <subfield code="7">0</subfield>
    <subfield code="a">JRU</subfield>
    <subfield code="b">MAIN</subfield>
    <subfield code="c">JRL</subfield>
    <subfield code="d">2018-09-27</subfield>
    <subfield code="e">Purchase</subfield>
    <subfield code="g">9000.00</subfield>
    <subfield code="l">0</subfield>
    <subfield code="p">IJMET0012</subfield>
    <subfield code="r">2018-09-27 00:00:00</subfield>
    <subfield code="w">2018-09-27</subfield>
    <subfield code="y">JRL</subfield>
  </datafield>
  <datafield tag="952" ind1=" " ind2=" ">
    <subfield code="0">0</subfield>
    <subfield code="1">0</subfield>
    <subfield code="4">0</subfield>
    <subfield code="7">0</subfield>
    <subfield code="a">JRU</subfield>
    <subfield code="b">MAIN</subfield>
    <subfield code="c">JRL</subfield>
    <subfield code="d">2018-10-25</subfield>
    <subfield code="e">Purchase</subfield>
    <subfield code="l">0</subfield>
    <subfield code="p">IJMET0013</subfield>
    <subfield code="r">2018-10-25 00:00:00</subfield>
    <subfield code="w">2018-10-25</subfield>
    <subfield code="y">JRL</subfield>
  </datafield>
  <datafield tag="952" ind1=" " ind2=" ">
    <subfield code="0">0</subfield>
    <subfield code="1">0</subfield>
    <subfield code="4">0</subfield>
    <subfield code="7">0</subfield>
    <subfield code="a">JRU</subfield>
    <subfield code="b">MAIN</subfield>
    <subfield code="c">JRL</subfield>
    <subfield code="d">2018-10-25</subfield>
    <subfield code="e">Purchase</subfield>
    <subfield code="l">0</subfield>
    <subfield code="p">IJMET0014</subfield>
    <subfield code="r">2018-10-25 00:00:00</subfield>
    <subfield code="w">2018-10-25</subfield>
    <subfield code="y">JRL</subfield>
  </datafield>
  <datafield tag="952" ind1=" " ind2=" ">
    <subfield code="0">0</subfield>
    <subfield code="1">0</subfield>
    <subfield code="4">0</subfield>
    <subfield code="7">0</subfield>
    <subfield code="a">JRU</subfield>
    <subfield code="b">MAIN</subfield>
    <subfield code="c">JRL</subfield>
    <subfield code="d">2018-10-25</subfield>
    <subfield code="e">Purchase</subfield>
    <subfield code="l">0</subfield>
    <subfield code="p">IJMET0015</subfield>
    <subfield code="r">2018-10-25 00:00:00</subfield>
    <subfield code="w">2018-10-25</subfield>
    <subfield code="y">JRL</subfield>
  </datafield>
  <datafield tag="952" ind1=" " ind2=" ">
    <subfield code="0">0</subfield>
    <subfield code="1">0</subfield>
    <subfield code="4">0</subfield>
    <subfield code="7">0</subfield>
    <subfield code="a">JRU</subfield>
    <subfield code="b">MAIN</subfield>
    <subfield code="c">JRL</subfield>
    <subfield code="d">2019-03-09</subfield>
    <subfield code="e">Purchase</subfield>
    <subfield code="l">0</subfield>
    <subfield code="p">IJMET0016</subfield>
    <subfield code="r">2019-03-09 00:00:00</subfield>
    <subfield code="w">2019-03-09</subfield>
    <subfield code="y">JRL</subfield>
  </datafield>
  <datafield tag="952" ind1=" " ind2=" ">
    <subfield code="0">0</subfield>
    <subfield code="1">0</subfield>
    <subfield code="4">0</subfield>
    <subfield code="7">0</subfield>
    <subfield code="a">JRU</subfield>
    <subfield code="b">MAIN</subfield>
    <subfield code="c">JRL</subfield>
    <subfield code="d">2019-03-09</subfield>
    <subfield code="e">Purchase</subfield>
    <subfield code="l">0</subfield>
    <subfield code="p">IJMET0017</subfield>
    <subfield code="r">2019-03-09 00:00:00</subfield>
    <subfield code="w">2019-03-09</subfield>
    <subfield code="y">JRL</subfield>
  </datafield>
</record>
